Statistics for Virtues of the Indian Flag

Click here to take the quiz!

General Stats

  • This quiz has been taken 4 times
  • The average score is 3 of 24

Answer Stats

Answer% Correct
Humility
100%
Courage
75%
Patience
50%
Belief
25%
Love
25%
Empathy
0%
Faithfulness
0%
Gentleness
0%
Goodness
0%
Gracefulness
0%
Hope
0%
Justice
0%
Magnanimity
0%
Mercy
0%
Moral Values
0%
Peacefulness
0%
Righteousness
0%
Self-Control
0%
Selflessness
0%
Self Sacrifise
0%
Spiritual Knowledge
0%
Spiritual Wisdom
0%
Sympathy
0%
Truthfulness
0%

Score Distribution

Percentile by Number Answered

Percent of People with Each Score

Your Score History

You have not taken this quiz